IFM Opac

Essentials of Bussiness Communication (Record no. 22088)

MARC details
000 -LEADER
fixed length control field 00390nam a22001577a 4500
020 ## - INTERNATIONAL STANDARD BOOK NUMBER
ISBN 978-0-357-71497-3
082 ## - DEWEY DECIMAL CLASSIFICATION NUMBER
Classification number 658.45
100 ## - MAIN ENTRY--AUTHOR NAME
Personal name Guffey, Mary Ellen
245 ## - TITLE STATEMENT
Title Essentials of Bussiness Communication
250 ## - EDITION STATEMENT
Edition statement 12th
260 ## - PUBLICATION, DISTRIBUTION, ETC. (IMPRINT)
Place of publication Australia:
Name of publisher Cengage Learning.
Year of publication 2023
300 ## - PHYSICAL DESCRIPTION
Number of Pages xv, 490p.: ill.; 28cm
500 ## - GENERAL NOTE
General note Include Index
700 ## - ADDED ENTRY--PERSONAL NAME
Personal name Loewey, Dana
942 ## - ADDED ENTRY ELEMENTS (KOHA)
Koha item type Books
Holdings
Withdrawn status Lost status Damaged status Not for loan Collection code Permanent Location Current Location Shelving location Date acquired Source of acquisition Full call number Accession Number Price effective from Koha item type
        Non-fiction IFM Main Campus Library IFM Main Campus Library Work Room processing 03/21/2025 Purchase 658.45 GUF 0000030590 03/21/2025 Books
        Non-fiction IFM Main Campus Library IFM Main Campus Library Work Room processing 03/21/2025 Purchase 658.45 GUF 0000030591 03/21/2025 Books
        Non-fiction IFM Main Campus Library IFM Main Campus Library Work Room processing 03/21/2025 Purchase 658.45 GUF 0000030592 03/21/2025 Books